UBT Library

ENCYCLOPEDIA OF GERMAN LITERATURE (Record no. 59288)

000 -LEADER
fixed length control field 00335nam a22001457a 4500
008 - FIXED-LENGTH DATA ELEMENTS--GENERAL INFORMATION
fixed length control field 230127b ||||| |||| 00| 0 eng d
020 ## - INTERNATIONAL STANDARD BOOK NUMBER
International Standard Book Number 1579581382
041 ## - LANGUAGE CODE
Language code of text/sound track or separate title eng
080 ## - UNIVERSAL DECIMAL CLASSIFICATION NUMBER
Edition identifier VOLUME 1
Universal Decimal Classification number 030
082 ## - DEWEY DECIMAL CLASSIFICATION NUMBER
Classification number 030KON
100 ## - Rafti
Rafti 40
101 ## - Shkurtesa
Shkurtesa LITERA
245 ## - TITLE STATEMENT
Title ENCYCLOPEDIA OF GERMAN LITERATURE
Statement of responsibility, etc KONZETT M
942 ## - ADDED ENTRY ELEMENTS (KOHA)
Source of classification or shelving scheme
Item type Books
Holdings
Withdrawn status Lost status Source of classification or shelving scheme Damaged status Not for loan Collection code Permanent location Current location Date acquired Total Checkouts Full call number Barcode Date last seen Price effective from Koha item type
          Koleksioni i përgjithshem UBT - Lipjan UBT - Lipjan 01/27/2023   030KON 003-134 01/27/2023 01/27/2023 Books
UBT Library © 2015-2024. All rights reserved University Education for Business and Technology